000 00403cam a22001097a 4500
008 180718b1955 xxu||||| |||| 00| 0 eng d
082 _aQ55x497 Y9
245 _aLaw on Health insurance of workers and employees
_cby The Federal Social Security Institute, Beograd
260 _aBeograd
_bThe Federal Social Security Institute
_c1955
300 _a42p.
700 _aSerbia.The Federal Social Security Institute
999 _c495524
_d495524